| 000 | 00495nam a22001577a 4500 | ||
|---|---|---|---|
| 003 | NUST | ||
| 082 | _a610 | ||
| 100 |
_aZaheen, Tahreem _9122194 |
||
| 245 |
_aDECODING OF DIFFERENT HAND MOTIONS / _cTahreem Zaheen |
||
| 264 |
_aIslamabad: _bSMME- NUST. _c2020. |
||
| 300 |
_a47p. ; _bSoft Copy, _c30cm. |
||
| 650 | _aMS Biomedical Sciences (BMS) | ||
| 700 |
_aSupervisor : Dr. Asim Waris _9119477 |
||
| 856 | _u http://10.250.8.41:8080/xmlui/handle/123456789/13218 | ||
| 942 |
_2ddc _cTHE |
||
| 999 |
_c608738 _d608738 |
||